| 000 | 00484nam a22001937a 4500 | ||
|---|---|---|---|
| 003 | OSt | ||
| 005 | 20140310181806.0 | ||
| 008 | 130704t xxu||||| |||| 00| 0 eng d | ||
| 020 | _a0751305340 | ||
| 050 |
_aAG 250 _b.V834 1994 |
||
| 082 |
_aREF 030 _bV82 1994 |
||
| 245 | _aVisual encyclopedia / | ||
| 260 |
_aLondon : _bDorling Kindersley, _c1994. |
||
| 300 |
_a640 p. _bcol. : ill. ; _c16 cm. |
||
| 521 | _a | ||
| 541 | _j1 | ||
| 562 | _e1 | ||
| 942 |
_2lcc _cBK-GR _kREF |
||
| 999 |
_c3799 _d3799 |
||